000
002780000a22000970004500
100
1
_a
Shaw, R. Daniel
245
1
0
_a
Contextualizing the power and the glory
300
_a
Vol. 12, Núm 3 (1995), Páginas 155-160
773
0
_t
International Journal of Frontier Misions
942
_c
ANA
999
_c
55294
_d
55294